| 000 | 01078nam a22003377a 4500 | ||
|---|---|---|---|
| 003 | CHAP | ||
| 005 | 20220329141110.0 | ||
| 008 | 971013s1997 r 00010 d | ||
| 010 | _a62537 | ||
| 011 | _a63509 | ||
| 035 | _a67685 | ||
| 040 | _cCHAP | ||
| 090 | _aTesis | ||
| 100 | 0 | 0 |
_aLópez Ponce, Isaac Juan. _968237 |
| 245 | _aFertilización foliar | ||
| 260 |
_aChapingo, Méx. : _bEl autor, _c1997 |
||
| 300 |
_a95 h. _b: ilus. |
||
| 502 | _aTesis (Ing. Agr. Esp. en Suelos) -- UACH. Departamento de Suelos | ||
| 590 |
_aALEPH _b10 _c20130110 _lUCH01 _h1345 |
||
| 590 |
_aBATCH-UPD _b10 _c20130110 _lUCH01 _h1453 |
||
| 590 |
_aBATCH-UPD _b10 _c20130410 _lUCH01 _h0919 |
||
| 590 |
_aBATCH-UPD _b10 _c20130914 _lUCH01 _h1359 |
||
| 590 |
_aCONVERSION _b10 _c20130109 _lUCH01 _h1334 |
||
| 650 | 1 | 4 |
_aFertilización foliar. _940445 |
| 650 | 1 | 4 |
_aPlantas _xDeficiencias nutritivas. _988812 |
| 650 | 1 | 4 |
_aSurfactantes. _9110770 |
| 901 | _aBK | ||
| 942 | _cFOLL | ||
| 949 |
_bBC _cTES _d-153060 _eTS1 _h31226 _i67685 _si |
||
| 949 |
_bBC _cTES _d33724000947933 _eTS2 _fc.2 _h31227 _i67685 _si |
||
| 999 |
_c62537 _d62537 |
||